عرض عادي
عرض مارك
- Eaton, C. John.
مدخل إسم شخص
001 - رقم الضبط
- حقل الضبط: 6168
003 - معرف رقم الضبط
- حقل الضبط: OSt
005 - تاريخ ووقت أخر عملية
- حقل الضبط: 20111102052135.0
008 - عناصر بيانات ثابتة الطول
- حقل تحكم ثابت الطول: 111102|||a|||||| | ||| d
040 ## - مصدر الفهرسة
- هيئة الفهرسة الأصلية: OSt
- وكالة الكتابة: OSt
100 ## - مدخل -- أسم شخص
- إسم شخص: Eaton, C. John.
670 ## - بيانات المصدر موجوده
- الاستشهاد بالمصدر: Work cat.: (OSt)0: Essentials of immediate medical care /, 1992.
